Theory and applications of economics in highway and transport planning / (Record no. 21847)

MARC details
000 -LEADER
fixed length control field 00877nam a22002655a 4500
005 - DATE AND TIME OF LATEST TRANSACTION
control field 20160605121933.0
008 - FIXED-LENGTH DATA ELEMENTS--GENERAL INFORMATION
fixed length control field 160605s2010 ii a fr 001 0 eng d
020 ## - INTERNATIONAL STANDARD BOOK NUMBER
International Standard Book Number 9788180141430
040 ## - CATALOGING SOURCE
Original cataloging agency EG-ScBUE
Language of cataloging eng
Transcribing agency EG-ScBUE
082 04 - DEWEY DECIMAL CLASSIFICATION NUMBER
Classification number 388.11
Item number MAI
Edition number 22
100 1# - MAIN ENTRY--PERSONAL NAME
Personal name Maitri, Vinay.
9 (RLIN) 40123
245 10 - TITLE STATEMENT
Title Theory and applications of economics in highway and transport planning /
Statement of responsibility, etc Vinay Maitri, P. K. Sarkar.
250 ## - EDITION STATEMENT
Edition statement 1st ed.
260 ## - PUBLICATION, DISTRIBUTION, ETC. (IMPRINT)
Place of publication, distribution, etc Delhi :
Name of publisher, distributor, etc Standard Publishers Distributors,
Date of publication, distribution, etc 2010.
300 ## - PHYSICAL DESCRIPTION
Extent 404 p. :
Other physical details ill. ;
Dimensions 24 cm.
500 ## - GENERAL NOTE
General note Index : p. 403-404.
650 #0 - SUBJECT ADDED ENTRY--TOPICAL TERM
Topical term or geographic name as entry element Roads
General subdivision Economic aspects.
Source of heading or term BUEsh
650 #0 - SUBJECT ADDED ENTRY--TOPICAL TERM
Topical term or geographic name as entry element Traffic engineering.
Source of heading or term BUEsh
650 #0 - SUBJECT ADDED ENTRY--TOPICAL TERM
Topical term or geographic name as entry element Transportation.
Source of heading or term BUEsh
650 #0 - SUBJECT ADDED ENTRY--TOPICAL TERM
Topical term or geographic name as entry element Transportation
General subdivision Environmental aspects.
Source of heading or term BUEsh
651 ## - SUBJECT ADDED ENTRY--GEOGRAPHIC NAME
Source of heading or term BUEsh
653 ## - INDEX TERM--UNCONTROLLED
Resource For college BAEPS, Business Administration
-- Engineering, General
Arrived date list June2016
700 1# - ADDED ENTRY--PERSONAL NAME
Personal name Sarkar, P. K.
9 (RLIN) 40124
942 ## - ADDED ENTRY ELEMENTS (KOHA)
Source of classification or shelving scheme Dewey Decimal Classification
Holdings
Withdrawn status Item status Source of classification or shelving scheme Damaged status Not for loan Vendor Home library Current library Shelving location Date acquired Source of acquisition Cost, normal purchase price Total Checkouts Full call number Barcode Date last seen Cost, replacement price Koha item type
    Dewey Decimal Classification     Alahram Central Library Central Library First floor 05/06/2016 Purchase 70.00   388.11 MAI 000032629 15/07/2025 87.50 Book - Borrowing